Mi dragona y yo /

Guardado en:
Autor Principal: Czerlowski, Claudia
Otros Autores: Donoso, Virginia; il.
Formato: Libro
Publicado: Buenos Aires : Del Eclipse, 2013
Series:Libros Albúm del Eclipse / Istvan Schritter
Materias:
Etiquetas: Agregar Etiqueta
Sin Etiquetas, Sea el primero en etiquetar este registro!
LEADER 01276nam a22003135a 4500
001 CEM.cems015025
008 130507s2013##################000#0#####d
005 20231213144504.0
245 1 0 |a Mi dragona y yo /  |c Claudia Czerlowski; ilustrado Por Virginia Donoso 
260 |a Buenos Aires :  |b Del Eclipse,  |c 2013 
300 |a 32 p. 
490 0 |a Libros Albúm del Eclipse / Istvan Schritter 
020 |a 9789871580279 
100 1 |a Czerlowski, Claudia 
700 1 |a Donoso, Virginia; il. 
082 0 4 |a A868.4 
653 |a Literatura 
653 |a Literatura infantil 
653 |a Cuento infantil 
653 |a Libro albúm 
653 |a Dragones 
653 |a Colección ciencias de la educación 
859 |a CEMS  |b BIB. CEMS - Inicial y Primaria  |h A868.4  |i C997  |k IP  |p 3881  |t Ej.1 
859 |a CEMS  |b BIB. CEMS - Ccias. Educacion  |h A868.4  |i C997-1  |k CE  |p 27934.19  |t Ej.1 
859 |a CEMS  |b BIB. CEMS - Inicial y Primaria  |h A868.4  |i C997  |k IP  |p 4075  |t Ej.2 
859 |a CEMS  |b BIB. CEMS - Ccias. Educacion  |h A868.4  |i C997-1  |k CE  |p 28611.19  |t Ej.2 
859 |a CEMS  |b BIB. CEMS - Inicial y Primaria  |h A868.4  |i C997  |k IP  |p 4191  |t Ej.3 
859 |a CEMS  |b BIB. CEMS - Ccias. Educacion  |h A868.4  |i C997-1  |k CE  |p 28612.19  |t Ej.3 
859 |a CEMS  |b BIB. CEMS - Inicial y Primaria  |h A868.4  |i C997  |k IP  |p 4233  |t Ej.4